Statistics for College Football Matchups: Auburn

Click here to take the quiz!

General Stats

  • This quiz has been taken 129 times
    (125 since last reset)
  • The average score is 12 of 16

Answer Stats

# of GamesOpponentLast Meeting% Correct
88Alabama11/25/2023
99%
128Georgia09/30/2023
97%
84Florida10/05/2019
93%
58LSU10/14/2023
93%
48Ole Miss10/21/2023
91%
97Mississippi State10/28/2023
89%
54Tennessee11/21/2020
86%
33Arkansas11/11/2023
78%
34Kentucky09/26/2020
76%
51Clemson09/09/2017
71%
44Vanderbilt11/04/2023
71%
92Georgia Tech09/03/2005
70%
38Tulane09/07/2019
61%
30Samford09/16/2023
35%
23Southern Miss09/29/2018
29%
21Chattanooga11/06/2010
15%

Score Distribution

Percentile by Number Answered

Percent of People with Each Score

Your Score History

You have not taken this quiz since the last reset